Trozos escogidos de el genio del cristianismo

-д хадгалсан:
Номзүйн дэлгэрэнгүй
Үндсэн зохиолч: Chateaubriand (Зохиогч)
Формат: Ном
Хэл сонгох:испани
Хэвлэсэн: Santiago Libreria y Casa Editorial de la Federacion de Obras Catolicas 1915
Хэвлэл:1a. ed
Цуврал:Biblioteca Religión y Ciencia, 12
Нөхцлүүд:
Шошгууд: Шошго нэмэх
Шошго байхгүй, Энэхүү баримтыг шошголох эхний хүн болох!

MARC

LEADER 00000cam a2200000 a 4500
001 UCD0917
003 CL-VaPUC
008 151218e19150000cl |||||||||||||||||spa|d
082 0 4 |a 241  |b CHA  |2 21 
100 0 |a Chateaubriand  |e author  |9 583948 
245 1 0 |a Trozos escogidos de el genio del cristianismo 
250 |a 1a. ed 
300 |a 84 p 
942 |c BK 
945 |d 20151218 14:15:00  |a gsalatino 
260 |a Santiago  |b Libreria y Casa Editorial de la Federacion de Obras Catolicas  |c 1915 
650 0 |a Cristianismo  |9 257361 
650 0 |a Teología   |9 258766 
650 0 |a Religión   |9 255164 
583 |a last modification  |c 20151218 14:15:00  |k Rodrigo Vera 
490 0 |a Biblioteca Religión y Ciencia, 12 
999 |c 362354  |d 362352 
952 |0 0  |1 0  |3 erd  |4 0  |6 241_000000000000000_CHA_1915  |7 0  |8 P  |9 473454  |a BIBTEO  |b BIBTES  |c TEO_FTES  |i 5275067  |o 241 CHA 1915  |p 5275067  |r 2024-01-18  |w 2019-11-24  |y BK  |z Catalogado en:20151218  |k ICR 
952 |0 0  |1 0  |3 erd  |4 0  |6 241_000000000000000_CHA_1915  |7 0  |8 P  |9 473455  |a BIBTEO  |b BIBTES  |c TEO_FTES  |i 5275075  |o 241 CHA 1915  |p 5275075  |r 2024-01-18  |w 2019-11-24  |y BK  |z Catalogado en:20151218  |k ICR 
952 |0 0  |1 0  |3 erd  |4 0  |6 241_000000000000000_CHA_1915  |7 0  |8 P  |9 473456  |a BIBTEO  |b BIBTES  |c TEO_FTES  |i 5275083  |o 241 CHA 1915  |p 5275083  |r 2024-01-18  |w 2019-11-24  |y BK  |z Catalogado en:20151218  |k ICR 
952 |0 0  |1 0  |3 erd  |4 0  |6 241_000000000000000_CHA_1915  |7 0  |8 P  |9 473457  |a BIBTEO  |b BIBTES  |c TEO_FTES  |i 5275091  |o 241 CHA 1915  |p 5275091  |r 2024-01-18  |w 2019-11-24  |y BK  |z Catalogado en:20151218  |k ICR